000 00678nam a22001337a 4500
040 _cRUA
082 _aLMA PHA 2023 B1-398 Or.1
100 _aOHAN MENGHOY ផាន់ ម៉េងហ៊ុយ
245 _aSTUDY ON LAND MARKET CHANGE IN SANGKAT AT KHMOUNH KHAN SENSOK, PHNOM PENH សិក្សាពីបម្រែបម្រួលទីផ្សារដីធ្លីនៅ សង្កាត់ឈ្មួញ ខណ្ឌសែនសុខ រាជធានីភ្នំពេញ
260 _aRUA
_bPHNOM PENH
_c2023
300 _aix
_bill
_c29cm
856 _uhttps://drive.google.com/file/d/1BgfCISQyUrQan3E6Qf3QjHRTlTX2aFFz/view?usp=sharing
942 _cLMA
999 _c24939
_d24939